Multimedia : interactive video production /
An overview of interactive multimedia. Planning. Video technology. Video production. Sound technology. Videodisc technology. Hypercard for interactivity. Creating interactivity.
Wedi'i Gadw mewn:
| Prif Awdur: | |
|---|---|
| Fformat: | Llyfr |
| Iaith: | English |
| Cyhoeddwyd: |
Belmont, CA :
Integrated Media Group,
1996.
|
| Pynciau: | |
| Tagiau: |
Ychwanegu Tag
Dim Tagiau, Byddwch y cyntaf i dagio'r cofnod hwn!
|
| Thư viện lưu trữ: | Mạng thư viện Đại học Đà Nẵng |
|---|
| LEADER | 01032cam a2200337 i 4500 | ||
|---|---|---|---|
| 001 | 000047423 | ||
| 003 | 7098 | ||
| 005 | 20030311101503.0 | ||
| 008 | 010326|1996 vm 000 eng | ||
| 020 | |a 0534254160 | ||
| 040 | |a IRC |c IRC |d IRC | ||
| 041 | 0 | |a eng | |
| 082 | 1 | 4 | |a 778.59 |b AZ-R |
| 100 | 1 | |a Azarmsa, Reza. | |
| 245 | 0 | 0 | |a Multimedia : |b interactive video production / |c Reza Azarmsa. |
| 260 | |a Belmont, CA : |b Integrated Media Group, |c 1996. | ||
| 300 | |a xii, 287 p. : |b ill. ; |c 23.3cm. | ||
| 520 | 3 | |a An overview of interactive multimedia. Planning. Video technology. Video production. Sound technology. Videodisc technology. Hypercard for interactivity. Creating interactivity. | |
| 630 | 0 | 4 | |a Multimedia. |
| 650 | 0 | 4 | |a Multimedia systems. |
| 650 | 0 | 4 | |a Interactive video. |
| OWN | |a DUT | ||
| 999 | |a From the UDN01 | ||
| TYP | |a Monograph | ||
| TYP | |a Printed language | ||
| 980 | |a Mạng thư viện Đại học Đà Nẵng | ||


